Architectural Graphic Standards 12th ed. (Record no. 4013)
[ view plain ]
| 000 -LEADER | |
|---|---|
| fixed length control field | 00303nam a2200109Ia 4500 |
| 008 - FIXED-LENGTH DATA ELEMENTS--GENERAL INFORMATION | |
| fixed length control field | 200302s9999 xx 000 0 und d |
| 100 ## - MAIN ENTRY--PERSONAL NAME | |
| Personal name | The American Institute of Architects |
| 245 ## - TITLE STATEMENT | |
| Title | Architectural Graphic Standards 12th ed. |
| 260 ## - PUBLICATION, DISTRIBUTION, ETC. | |
| Name of publisher, distributor, etc. | John Wiley and Sons ,Inc |
| 260 ## - PUBLICATION, DISTRIBUTION, ETC. | |
| Date of publication, distribution, etc. | 2016 |
| 300 ## - PHYSICAL DESCRIPTION | |
| Extent | 1062 P., |
| Withdrawn status | Lost status | Source of classification or shelving scheme | Damaged status | Not for loan | Permanent Location | Current Location | Shelving location | Date acquired | Cost, normal purchase price | Full call number | Barcode | Date last seen | Price effective from | Koha item type | Public note |
|---|---|---|---|---|---|---|---|---|---|---|---|---|---|---|---|
| Not For Loan | BMS College of Architecture, Design and Planning | BMS College of Architecture, Design and Planning | Staff Office | 2020-03-03 | 1750.00 | 721.0284 | CL-UG68999 | 2020-03-03 | 2020-03-03 | UG Books from CL | Librarian-RFID | ||||
| BMS College of Architecture, Design and Planning | BMS College of Architecture, Design and Planning | 2021-01-12 | 721.0284HED | AR-UG2089 | 2021-01-12 | 2021-01-12 | UG Books | ||||||||
| Not For Loan | BMS College of Architecture, Design and Planning | BMS College of Architecture, Design and Planning | Staff Office | 2021-06-29 | 721.0284HED | AR-UG2248 | 2021-06-29 | 2021-06-29 | UG Books | Librarian RFID |